00370nam a2200145Ia 450000500170000000800410001703700130005804000200007104100130009108400170010410000150012124500440013626000350018030000090021520250326125846.0250326s9999 xx 000 0 und d aTextbook aFMSLbengcFMSL aeng2eng aX:8 N4qFMSL aBosticco M 0aModern personnel managementcBosticco M aLondonbLondon, Busniussc1964 a244p